000 00579nam a2200217Ia 4500
003 OSt
005 20220926040846.0
006 a|||||r|||| 00| 0
007 ta
008 220923b |||||||| |||| 00| 0 eng d
037 _cGeneral Book
040 _aRTL
_cRTL
_beng
041 _2eng
_aeng
082 _aX:9:2:N4z7, H7 D&W
100 _aAgarwala A. N.
_9122401
245 0 _aIndian labour problems
260 _c1947
650 _aLabour Economics-India
_9230171
942 _hX:9:2:N4z7, H7 D&W
_cGB
_2CC
999 _c665853
_d665853